| 000 | 00856nam a2200229 a 4500 | ||
|---|---|---|---|
| 001 | BRCA_5840 | ||
| 005 | 20190320205232.0 | ||
| 008 | 140311s1966----mx-#######---o000-0#spa-# | ||
| 041 | _aspa | ||
| 044 | _amx | ||
| 050 | 4 |
_aHD9574 _pM6 _b.M37 _c1952 |
|
| 245 | 1 | 0 |
_aDiscurso pronunciado por el Sr. Lic. Antonio Martínez Baez, Secretario de Economía y Presidente del Consejo de Administración de Petroleos Mexicanos en el XIV aniversario de la nacionalización de la Industria Petrolera, 18 de Marzo de 1952. _cSecretaría de Economía. |
| 260 |
_aMéxico _bA. Martínez Baez. _c1966 |
||
| 300 |
_a13 p. _c22 cm. |
||
| 500 | _aH101 | ||
| 650 | 1 | 4 |
_aPetroleos Mexicanos _914789 |
| 650 | 1 | 4 |
_aPetroleo _eIndustria y comercio _98187 |
| 651 | 4 |
_aMéxico _vIndustrias. _914790 |
|
| 710 | 2 |
_aSecretaría de Economía. _914489 |
|
| 902 | _aGFM | ||
| 942 |
_2lcc _cB |
||
| 999 |
_c5529 _d5529 |
||